Sme rýmosauri

Bibliographic Details
Main Author: Podsiadło, Jacek, 1964- (Author)
Other Authors: Chmel, Karol, 1953-2026 (Translator)
Format: Article
Language:Slovak
ISSN:1335-6976
Subjects:

MARC

LEADER 00000nab a2200000 a 4500
001 vtls000767655
003 SK-MaSNL
005 20260518033917.0
008 140507c2001 xo 0 slo
015 |a SNBRB2001/09-25951 
035 |a CLN000119442 
040 |a SNKBUCL  |b slo  |c SNKBUCL  |e AACR2 
041 0 |a slo 
044 |a xo  |c SK 
080 |a 884-1  |2 1997 
100 1 |a Podsiadło, Jacek,  |d 1964-  |4 aut  |9 21412 
245 1 0 |a Sme rýmosauri  |c Jacek Podsiadło ; preložil Karol Chmel 
500 |a Poznámka o autorovi k.ch. 
505 1 |a Prvá kapitola -- Ohnisko obrazotvornosti -- Tridsiatka na krku -- Predčasný koniec obdobia snehu, ktorý nebol -- Vďaka -- Strácajúc cit v prstoch Úmysly -- Aj keď ráno vstávame do práce, namiesto toho, aby sme spali, spomíname na nezvyčajné udalosti -- Výčitka -- Sebe na 33. narodeniny 
650 0 7 |a reflexívne básne, poľské  |2 snkbucl  |9 73160 
650 0 7 |a lyrické básne, poľské  |2 snkbucl  |9 14437 
655 7 |a články z novín a časopisov  |2 snkbucl  |9 267496 
700 1 |a Chmel, Karol,  |d 1953-2026  |4 trl  |9 105159 
700 0 |a K.Ch.  |4 oth  |9 845257 
773 0 |t Kultúrny život  |g Roč. 2, č. 21 (2001), s. 7  |x 1335-6976 
850 |a Slovenská národná knižnica v Martine 
852 |a SNK  |b KIS3GCP 
958 |a LX 
958 |a PL 
992 |a RBX 
999 |c 1364335  |d 1366265